Stavba roku 1993-2007 /

Korporativní autor: ABF - Nadace pro rozvoj architektury a stavitelství
Další autoři: Sedláková, Radomíra, 1950-
Jazyk: Čeština
Vydáno: Praha : Titanic, 2007
Vydání: 1. vyd.
Témata:
Externí odkaz: Digitalizovaný dokument
Fyzický popis: 198 s. : il. (převážně barev.), plány ; 32 cm + errata (1 l., 90 mm x 69 cm)
Knihy
Uloženo v:
LEADER 02171nam a2200529 a 4500
001 nkc20071761572
003 CZ PrNK
005 20090227153851.0
007 ta
008 071120s2007 xr ae e 001 0 cze
015 |a cnb001761572 
020 |a 978-80-86652-36-8  |q (Titanic ;  |q váz.) 
035 |a (OCoLC)228499458 
040 |a ABA001  |b cze  |d BOA001 
043 |a e-xr--- 
045 |a x9y0 
072 7 |a 69  |x Stavebnictví  |2 Konspekt  |9 19 
080 |a 72.092  |2 MRF 
080 |a 69  |2 MRF 
080 |a 69.01/.03  |2 MRF 
080 |a (437.3)  |2 MRF 
080 |a (048.8)  |2 MRF 
245 0 0 |a Stavba roku 1993-2007 /  |c [sestavila a doprovodné texty ke stavbám napsala Radomíra Sedláková] 
250 |a 1. vyd. 
260 |a Praha :  |b Titanic,  |c 2007 
300 |a 198 s. :  |b il. (převážně barev.), plány ;  |c 32 cm +  |e errata (1 l., 90 mm x 69 cm) 
500 |a Nad názvem: ABF - Nadace pro rozvoj architektury a stavitelství 
500 |a Errata jsou umístěna na přebalu přes vazbu 
500 |a Obsahuje rejstříky 
648 4 |a 1993-2007 
650 0 7 |a architektonické soutěže  |7 ph138574  |z Česko  |y 1990-2010  |2 czenas 
650 0 7 |a stavebnictví  |7 ph116275  |z Česko  |y 20.-21. století  |2 czenas 
650 0 7 |a stavby  |7 ph116274  |z Česko  |y 20.-21. století  |2 czenas 
650 0 9 |a architectural competitions  |z Czechia  |y 1990-2010  |2 eczenas 
650 0 9 |a construction industry  |z Czechia  |y 20th-21st centuries  |2 eczenas 
650 0 9 |a buildings  |z Czechia  |y 20th-21st centuries  |2 eczenas 
655 7 |a přehledy  |7 fd133202  |2 czenas 
655 9 |a surveys  |2 eczenas 
700 1 |a Sedláková, Radomíra,  |d 1950-  |7 jn20000620328  |4 com  |4 wfw 
710 2 |a ABF - Nadace pro rozvoj architektury a stavitelství  |7 kn20091103009 
856 4 1 |u https://www.digitalniknihovna.cz/mzk/uuid/uuid:2abb6440-8f02-11e7-b175-005056827e52  |y Digitalizovaný dokument  |x NDK 
910 2 |a BOA001  |b 4-1194.695 
990 |a BK 
995 |a 01 
991 |b 200711  |c NOV 
996 6 |b 2610325105  |c 4-1194.695  |l MZK  |r Sklad / do 1 hodiny  |n 1  |p p.v.  |w 000873922  |u 000010  |a 1  |e BOA001  |j MZK50  |s P 
996 7 |b 2610334026  |c 4-1194.695  |l MZK  |r Sklad / do 1 hodiny  |n 1  |p kup  |w 000873922  |u 000020  |a 1  |e BOA001  |j MZK50  |s A